[Event "Belgrade Trophy 36th"]
[Site "Belgrade"]
[Date "2023.11.26"]
[Round "2"]
[White "Jevtic, Mirko"]
[Black "Jandric, Damjan"]
[Result "0-1"]
[WhiteElo "1863"]
[BlackElo "2121"]
[PlyCount "108"]
[EventDate "2023.11.25"]
[EventType "swiss"]
[EventRounds "9"]
[EventCountry "SRB"]
[SourceTitle "CB49_2023"]
[SourceDate "2023.12.06"]
[SourceVersion "1"]
[SourceVersionDate "2023.12.06"]
[SourceQuality "1"]

1. d4 Nf6 2. Nf3 g6 3. g3 Bg7 4. Bg2 0-0 5. 0-0 d6 6. Nbd2 Nbd7 7. e4 e5 8. c3 b6 9. Re1 Bb7 10. Qc2 Re8 11. dxe5 dxe5 12. b4 a5 13. a4 Bf8 14. Ba3 Bc6 15. b5 Bb7 16. Bxf8 Kxf8 17. Nc4 Qe7 18. Rad1 Qe6 19. Nfd2 Nc5 20. f3 Rad8 21. Bf1 h5 22. Nb3 Nxb3 23. Qxb3 Nd7 24. Qa3+ Qe7 25. Qc1 Nc5 26. Qc2 h4 27. Rxd8 Rxd8 28. Rd1 hxg3 29. hxg3 Rxd1 30. Qxd1 Qg5 31. Kg2 Bc8 32. Kf2 Be6 33. Be2 Ke8 34. Nd2 Qh6 35. g4 Qh2+ 36. Kf1 Qf4 37. Ke1 Qe3 38. Qc2 Ke7 39. Kf1 Qf4 40. Kg2 f5 41. gxf5 gxf5 42. c4 Qg5+ 43. Kf1 Qg3 44. exf5 Qh3+ 45. Kf2 Bxf5 46. Ne4 Bxe4 47. fxe4 Qh4+ 48. Kg1 Qxe4 49. Qa2 Qe3+ 50. Kh1 Qh3+ 51. Kg1 Qg3+ 52. Kf1 Ne4 53. Bd1 Qd3+ 54. Ke1 Qxd1+ 0-1

[Event "Belgrade Serbia op"]
[Site "Belgrade"]
[Date "2023.07.23"]
[Round "8"]
[White "Jandric, Damjan"]
[Black "Hristova, Ivelina"]
[Result "1-0"]
[WhiteElo "2113"]
[BlackElo "1807"]
[PlyCount "123"]
[EventDate "2023.07.16"]
[EventType "swiss"]
[EventRounds "9"]
[EventCountry "SRB"]
[SourceTitle "EXT 2024"]
[Source "ChessBase"]
[SourceDate "2023.10.10"]
[SourceVersion "1"]
[SourceVersionDate "2023.10.10"]
[SourceQuality "1"]

1. e4 c5 2. Nf3 Nc6 3. Bb5 Nf6 4. Nc3 g6 5. e5 Nh5 6. 0-0 Ng7 7. Bxc6 dxc6 8. d3 Ne6 9. Ne4 Bg7 10. Neg5 0-0 11. Nxe6 Bxe6 12. Bf4 h6 13. Qe2 b6 14. Qe3 Kh7 15. c3 Qc8 16. Rfd1 Rd8 17. b3 Bd5 18. Ne1 Rd7 19. Rd2 Qb7 20. Rad1 Rad8 21. h3 a5 22. c4 Be6 23. Nf3 Bf5 24. g4 Be6 25. d4 cxd4 26. Nxd4 Qc8 27. Qe4 c5 28. Nxe6 Rxd2 29. Rxd2 Rxd2 30. Ng5+ hxg5 31. Bxd2 Qe6 32. Bxg5 Bxe5 33. Kg2 Qd6 34. Qd5 Kg7 35. Kf3 f6 36. Qxd6 Bxd6 37. Be3 e6 38. h4 f5 39. Bg5 Bc7 40. h5 fxg4+ 41. Kxg4 gxh5+ 42. Kxh5 Kf7 43. Kh6 e5 44. f3 b5 45. cxb5 Ke6 46. Kg6 Kd5 47. Be3 c4 48. bxc4+ Kxc4 49. b6 Bb8 50. Kf5 Kb5 51. Ke6 Kc6 52. Bg1 a4 53. Bh2 Bd6 54. Bxe5 Bc5 55. Bc7 Bd4 56. f4 Bc3 57. f5 Bd4 58. f6 Bxf6 59. Kxf6 a3 60. Ke5 Kb7 61. Kd6 Ka8 62. Kc5 1-0

[Event "Belgrade Serbia op"]
[Site "Belgrade"]
[Date "2023.07.18"]
[Round "3"]
[White "Omarsson, Adam"]
[Black "Jandric, Damjan"]
[Result "1-0"]
[WhiteElo "1843"]
[BlackElo "2113"]
[PlyCount "29"]
[EventDate "2023.07.16"]
[EventType "swiss"]
[EventRounds "9"]
[EventCountry "SRB"]
[SourceTitle "CBM 215 Extra"]
[Source "ChessBase"]
[SourceDate "2023.09.30"]
[SourceVersion "1"]
[SourceVersionDate "2023.09.30"]
[SourceQuality "1"]

1. d4 Nf6 2. c4 g6 3. Nc3 Bg7 4. e4 d6 5. Nf3 Bg4 6. Be2 Bxf3 7. Bxf3 e5 8. d5 h5 9. Bg5 Bh6 10. Bxh6 Rxh6 11. Qd2 Rh8 12. b4 c5 13. Qb2 cxb4 14. Qxb4 b6 15. a4 1-0

[Event "EU-ch 23rd"]
[Site "Vrnjacka Banja"]
[Date "2023.03.05"]
[Round "3"]
[White "Pasti, Aron"]
[Black "Jandric, Damjan"]
[Result "1-0"]
[WhiteElo "2378"]
[BlackElo "2104"]
[PlyCount "67"]
[EventDate "2023.03.03"]
[EventType "swiss"]
[EventRounds "11"]
[EventCountry "SRB"]
[SourceTitle "CBM 213"]
[Source "ChessBase"]
[SourceDate "2023.04.30"]
[SourceVersion "1"]
[SourceVersionDate "2023.04.30"]
[SourceQuality "1"]

1. e4 c5 2. Nf3 d6 3. d4 cxd4 4. Nxd4 Nf6 5. Nc3 a6 6. h3 e5 7. Nde2 h5 8. g3 Nbd7 9. a4 b6 10. Bg2 Bb7 11. 0-0 Be7 12. Nd5 Nxd5 13. exd5 h4 14. g4 0-0 15. f4 Rc8 16. c3 Bf6 17. g5 Be7 18. Qd2 Nc5 19. Ra3 exf4 20. b4 f3 21. Bxf3 Nd7 22. Ra2 Ne5 23. Bg2 Rc4 24. Nd4 g6 25. b5 Bc8 26. Qe3 Qc7 27. Nc6 Re8 28. Qf2 Bf8 29. Be3 Rxc3 30. Bxb6 Qd7 31. Qxh4 Bg7 32. Raf2 Rf8 33. Bd4 Rc4 34. Rf4 1-0

[Event "Belgrade-chT Quality"]
[Site "Belgrade"]
[Date "2022.10.01"]
[Round "1.1"]
[White "Jandric, Damjan"]
[Black "Budisavljevic, Luka"]
[Result "0-1"]
[WhiteElo "2119"]
[BlackElo "2524"]
[PlyCount "78"]
[EventDate "2022.10.01"]
[EventType "team-tourn"]
[EventRounds "11"]
[EventCountry "SRB"]
[SourceTitle "CBM 210 Extra"]
[Source "ChessBase"]
[SourceDate "2022.11.30"]
[SourceVersion "1"]
[SourceVersionDate "2022.11.30"]
[SourceQuality "1"]
[WhiteTeam "Belgrade Napredak"]
[BlackTeam "Belgrade Crvena Zvezda"]
[WhiteTeamCountry "SRB"]
[BlackTeamCountry "SRB"]

1. e4 c5 2. Nf3 e6 3. g3 d5 4. exd5 exd5 5. d4 Nf6 6. Bg2 Be7 7. 0-0 0-0 8. dxc5 Bxc5 9. Bg5 Nc6 10. Nc3 d4 11. Bxf6 Qxf6 12. Nd5 Qd8 13. Nd2 Be6 14. Nf4 Bf5 15. Nb3 Bb6 16. a4 a5 17. Nc1 Qd7 18. Ncd3 Rac8 19. Qd2 Bd8 20. Nd5 Rb8 21. Qf4 Qc8 22. Rfe1 h6 23. h4 b5 24. Re2 Bg4 25. Re4 Bf5 26. Re2 Bg4 27. Re4 Be6 28. Qd6 Qd7 29. Qxd7 Bxd7 30. Nc5 Bf5 31. Re2 bxa4 32. Nxa4 g5 33. hxg5 hxg5 34. Ra2 Kg7 35. Nc5 Rb5 36. Na4 Rb8 37. Be4 Re8 38. f3 Be6 39. Kf2 Bxd5 0-1

[Event "IBCA World-chT blind 9th"]
[Site "Ohrid"]
[Date "2022.07.07"]
[Round "9.1"]
[White "Stachanczyk, Jacek"]
[Black "Jandric, Damjan"]
[Result "0-1"]
[WhiteElo "2194"]
[BlackElo "2145"]
[PlyCount "70"]
[EventDate "2022.06.28"]
[EventType "team-swiss"]
[EventRounds "9"]
[EventCountry "MKD"]
[SourceTitle "EXT 2024"]
[Source "ChessBase"]
[SourceDate "2023.10.10"]
[SourceVersion "1"]
[SourceVersionDate "2023.10.10"]
[SourceQuality "1"]
[WhiteTeam "Poland"]
[BlackTeam "Serbia"]
[WhiteTeamCountry "POL"]
[BlackTeamCountry "SRB"]

1. e4 c5 2. Nf3 d6 3. d4 cxd4 4. Nxd4 Nf6 5. Nc3 a6 6. f3 e5 7. Nb3 Be6 8. Be3 Be7 9. Qd2 0-0 10. 0-0-0 Nbd7 11. g4 b5 12. g5 Nh5 13. h4 Nb6 14. Qf2 Nc4 15. Bxc4 bxc4 16. Nc5 Qc8 17. N5a4 Rb8 18. Nb6 Qc6 19. Nbd5 Bd8 20. f4 Qb7 21. b3 Ba5 22. Kb2 Bxc3+ 23. Kxc3 Bxd5 24. exd5 exf4 25. Bc1 cxb3 26. axb3 g6 27. Kb2 f6 28. Kb1 fxg5 29. hxg5 Rf5 30. Bb2 Rbf8 31. Rxh5 gxh5 32. Qd4 Re5 33. Qc4 Re7 34. Bf6 Ref7 35. Qxf4 Qd7 0-1

[Event "IBCA World-chT blind 9th"]
[Site "Ohrid"]
[Date "2022.07.02"]
[Round "5.3"]
[White "Jandric, Damjan"]
[Black "Capanov, Mile"]
[Result "1-0"]
[WhiteElo "2145"]
[BlackElo "1951"]
[PlyCount "84"]
[EventDate "2022.06.28"]
[EventType "team-swiss"]
[EventRounds "9"]
[EventCountry "MKD"]
[SourceTitle "EXT 2024"]
[Source "ChessBase"]
[SourceDate "2023.10.10"]
[SourceVersion "1"]
[SourceVersionDate "2023.10.10"]
[SourceQuality "1"]
[WhiteTeam "Serbia"]
[BlackTeam "Macedonia"]
[WhiteTeamCountry "SRB"]
[BlackTeamCountry "MKD"]

1. e4 e5 2. Nf3 Nc6 3. Bb5 a6 4. Ba4 d6 5. c3 Nf6 6. 0-0 b5 7. Bb3 Na5 8. Bc2 c5 9. d4 Qc7 10. h3 h6 11. b4 Nc4 12. a4 Rb8 13. axb5 axb5 14. bxc5 dxc5 15. dxe5 Nxe5 16. Nxe5 Qxe5 17. f4 Qc7 18. e5 Nd7 19. e6 Nf6 20. exf7+ Kxf7 21. Qd3 Bd6 22. Qg6+ Kf8 23. Nd2 Qf7 24. Qd3 Qe7 25. Nf3 c4 26. Qg6 Qf7 27. Ne5 Qxg6 28. Nxg6+ Kg8 29. Nxh8 Kxh8 30. Be3 Nd5 31. Bd4 b4 32. cxb4 Nxb4 33. Bg6 Nc6 34. Bc3 Ne7 35. Bf7 Rb3 36. Be5 Bc5+ 37. Kh2 Bb7 38. Bxc4 Rb6 39. Rab1 Bd5 40. Rxb6 Bxb6 41. Bxd5 Nxd5 42. Rd1 Ne7 1-0

[Event "IBCA World-chT blind 9th"]
[Site "Ohrid"]
[Date "2022.07.01"]
[Round "4.3"]
[White "Soundarya, Kumar Pradhan"]
[Black "Jandric, Damjan"]
[Result "1-0"]
[WhiteElo "1782"]
[BlackElo "2145"]
[PlyCount "64"]
[EventDate "2022.06.28"]
[EventType "team-swiss"]
[EventRounds "9"]
[EventCountry "MKD"]
[SourceTitle "EXT 2024"]
[Source "ChessBase"]
[SourceDate "2023.10.10"]
[SourceVersion "1"]
[SourceVersionDate "2023.10.10"]
[SourceQuality "1"]
[WhiteTeam "India"]
[BlackTeam "Serbia"]
[WhiteTeamCountry "IND"]
[BlackTeamCountry "SRB"]

1. d4 Nf6 2. c4 g6 3. Nc3 Bg7 4. Bg5 h6 5. Bh4 d6 6. e3 0-0 7. Be2 Nbd7 8. Qc2 e5 9. Nf3 exd4 10. Nxd4 Ne5 11. Rd1 Bd7 12. 0-0 Re8 13. h3 Qc8 14. Rd2 Nh7 15. Rfd1 f5 16. Bg3 a6 17. e4 Nf6 18. exf5 gxf5 19. Nf3 Nf7 20. Bd3 Ng5 21. Nxg5 hxg5 22. h4 Nh5 23. Ne2 gxh4 24. Bxh4 Bh6 25. Nd4 Rf8 26. Re2 Ng7 27. Rde1 c5 28. Nf3 Be6 29. Be7 Rf7 30. Bxd6 Bd7 31. Ne5 Rf6 32. Be7 Rb6 1-0

[Event "Veliko Gradiste Silver Lake op-A"]
[Site "Veliko Gradiste"]
[Date "2022.06.21"]
[Round "4"]
[White "Jandric, Damjan"]
[Black "Poupalos, Nikolaos"]
[Result "1-0"]
[WhiteElo "2145"]
[BlackElo "2107"]
[PlyCount "101"]
[EventDate "2022.06.19"]
[EventType "swiss"]
[EventRounds "9"]
[EventCountry "SRB"]
[SourceTitle "CBM 209 Extra"]
[Source "ChessBase"]
[SourceDate "2022.09.30"]
[SourceVersion "1"]
[SourceVersionDate "2022.09.30"]
[SourceQuality "1"]

1. e4 c5 2. Nc3 a6 3. f4 b5 4. Nf3 Bb7 5. d4 cxd4 6. Qxd4 Nc6 7. Qf2 e6 8. Bd3 Nb4 9. 0-0 Nf6 10. Kh1 Be7 11. a4 Nxd3 12. cxd3 b4 13. Ne2 a5 14. f5 exf5 15. Nfd4 g6 16. Nxf5 gxf5 17. Qxf5 Ra6 18. Bg5 h6 19. Bh4 0-0 20. Rf4 Nh7 21. Rg4+ Kh8 22. Bf2 d5 23. Qh5 dxe4 24. dxe4 Rg8 25. Rf4 Bf6 26. Rf1 Re6 27. Ng3 Re5 28. Qxf7 Rg7 29. Qc4 Rc7 30. Qe2 Qc8 31. Bd4 Ba6 32. Qf3 Bxf1 33. Rxf6 Bxg2+ 34. Kxg2 Rc2+ 35. Kh1 Rc1+ 36. Nf1 Nxf6 37. Qxf6+ Kg8 38. Bxe5 Qg4 39. Bg3 Qxe4+ 40. Kg1 Rc2 41. Bf2 h5 42. Qg5+ Kf8 43. Bc5+ Ke8 44. Qxh5+ Kd7 45. Bf2 Rxb2 46. Qf7+ Qe7 47. Qf5+ Qe6 48. Qb5+ Qc6 49. Qd3+ Ke8 50. Qf5 Qd7 51. Qxa5 1-0

[Event "Veliko Gradiste Silver Lake op-A"]
[Site "Veliko Gradiste"]
[Date "2022.06.19"]
[Round "1"]
[White "Hng, Mei Xian Eunice"]
[Black "Jandric, Damjan"]
[Result "1/2-1/2"]
[WhiteElo "1800"]
[BlackElo "2145"]
[PlyCount "62"]
[EventDate "2022.06.19"]
[EventType "swiss"]
[EventRounds "9"]
[EventCountry "SRB"]
[SourceTitle "CBM 209 Extra"]
[Source "ChessBase"]
[SourceDate "2022.09.30"]
[SourceVersion "1"]
[SourceVersionDate "2022.09.30"]
[SourceQuality "1"]

1. e4 c5 2. d4 cxd4 3. c3 d3 4. Bxd3 Nc6 5. Bc4 Nf6 6. Nf3 d6 7. e5 dxe5 8. Qxd8+ Nxd8 9. Nxe5 e6 10. Nd2 a6 11. a4 Bd6 12. Ndf3 Ke7 13. 0-0 Nd7 14. Nxd7 Bxd7 15. Be3 Rc8 16. Be2 e5 17. Nd2 Bc5 18. Nc4 f6 19. Rfd1 Ne6 20. Bxc5+ Nxc5 21. Nb6 Rcd8 22. Rd5 Ne6 23. Rxd7+ Rxd7 24. Nxd7 Kxd7 25. Bg4 Ke7 26. Rd1 Rc8 27. Bxe6 Kxe6 28. Kf1 Rc4 29. Ra1 Rc6 30. Ke2 Rb6 31. Rb1 f5 1/2-1/2

[Event "Belgrade Premier League"]
[Site "Belgrade"]
[Date "2021.10.03"]
[Round "3.1"]
[White "Kostic, Milutin B"]
[Black "Jandric, Damjan"]
[Result "1/2-1/2"]
[WhiteElo "2116"]
[BlackElo "2145"]
[PlyCount "36"]
[EventDate "2021.10.01"]
[EventType "team-tourn"]
[EventRounds "11"]
[EventCountry "SRB"]
[SourceTitle "CBM 204 Extra"]
[Source "ChessBase"]
[SourceDate "2021.11.30"]
[SourceVersion "1"]
[SourceVersionDate "2021.11.30"]
[SourceQuality "1"]
[WhiteTeam "Romanticari"]
[BlackTeam "Belgrade Napredak"]
[WhiteTeamCountry "SRB"]
[BlackTeamCountry "SRB"]

1. d4 Nf6 2. Nf3 g6 3. c4 Bg7 4. g3 d6 5. Bg2 0-0 6. Nc3 Nc6 7. 0-0 Bg4 8. d5 Na5 9. b3 c5 10. dxc6 Nxc6 11. Bb2 Qa5 12. h3 Bd7 13. Nd5 Nxd5 14. Bxg7 Ne3 15. Qc1 Kxg7 16. Qxe3 h6 17. Rfd1 Be6 18. Nd4 Nd8 1/2-1/2

[Event "Belgrade Serbia op"]
[Site "Belgrade"]
[Date "2021.07.07"]
[Round "8"]
[White "Stojkovic, Nenad P"]
[Black "Jandric, Damjan"]
[Result "1/2-1/2"]
[WhiteElo "2081"]
[BlackElo "2202"]
[PlyCount "81"]
[EventDate "2021.07.02"]
[EventType "swiss"]
[EventRounds "9"]
[EventCountry "SRB"]
[SourceTitle "EXT 2022"]
[Source "ChessBase"]
[SourceDate "2021.10.06"]
[SourceVersion "1"]
[SourceVersionDate "2021.10.06"]
[SourceQuality "1"]

1. d4 Nf6 2. g3 g6 3. Bg2 Bg7 4. c4 0-0 5. Nc3 d6 6. e4 e5 7. d5 a5 8. Nge2 Na6 9. 0-0 Nc5 10. f3 c6 11. Be3 cxd5 12. cxd5 Bd7 13. Bxc5 dxc5 14. a4 Ne8 15. f4 Nd6 16. Nc1 Qb6 17. Qe2 Rae8 18. Nd3 Nc4 19. Kh1 exf4 20. gxf4 Bd4 21. Nd1 f6 22. Rc1 Nd6 23. Nc3 Bf5 24. Nf2 Qb4 25. Qc2 Bxf2 26. exf5 Be3 27. fxg6 Bxc1 28. gxh7+ Kh8 29. Qxc1 Qd4 30. f5 Qe3 31. Qd1 Re5 32. Nb5 Nxf5 33. d6 Nd4 34. Bxb7 f5 35. Rg1 Qh6 36. Nxd4 cxd4 37. Qxd4 Qf6 38. d7 Kxh7 39. Rd1 Rd8 40. Qd3 Qh4 41. Rf1 1/2-1/2

[Event "Belgrade Serbia op"]
[Site "Belgrade"]
[Date "2021.07.04"]
[Round "4"]
[White "Vetokhin, Savva"]
[Black "Jandric, Damjan"]
[Result "1-0"]
[WhiteElo "2324"]
[BlackElo "2202"]
[PlyCount "139"]
[EventDate "2021.07.02"]
[EventType "swiss"]
[EventRounds "9"]
[EventCountry "SRB"]
[SourceTitle "CBM 203 Extra"]
[Source "ChessBase"]
[SourceDate "2021.09.30"]
[SourceVersion "1"]
[SourceVersionDate "2021.09.30"]
[SourceQuality "1"]

1. Nf3 Nf6 2. g3 g6 3. Bg2 Bg7 4. 0-0 0-0 5. d4 d6 6. Re1 Nbd7 7. e4 e5 8. Nc3 c6 9. a4 Qc7 10. b3 Re8 11. Bb2 b6 12. Qd2 a6 13. Rad1 Bf8 14. Ba3 Bb7 15. dxe5 dxe5 16. Bd6 Bxd6 17. Qxd6 Qxd6 18. Rxd6 Kg7 19. a5 b5 20. Bh3 Nf8 21. b4 Bc8 22. Bg2 Bg4 23. Nd2 Red8 24. Rxd8 Rxd8 25. Nb3 Bc8 26. f4 Ne6 27. Ne2 Ng4 28. Rc1 Ne3 29. Kf2 Nc4 30. Bf3 f6 31. h4 h6 32. h5 g5 33. f5 Nf8 34. Nc3 Kf7 35. Be2 Nd6 36. Ke3 Ke7 37. Nb1 Nd7 38. Na3 Bb7 39. c4 Rc8 40. Nc5 Nxc5 41. bxc5 Nf7 42. Nc2 Rd8 43. Ra1 Rd7 44. Bd3 Nd8 45. Nb4 Rd4 46. Be2 Ke8 47. Rb1 Ke7 48. Rc1 Ke8 49. Nc2 Rd7 50. Nb4 Rd4 51. Bd3 Ke7 52. Kd2 Ke8 53. Ke3 Ke7 54. Rc3 Ke8 55. Bc2 Ke7 56. Bb3 Ke8 57. Rc1 Ke7 58. Ba2 Ke8 59. Nc2 Rd7 60. Bb3 Ke7 61. Ra1 Ke8 62. cxb5 cxb5 63. Nb4 Rd4 64. Nd5 Bxd5 65. exd5 Nb7 66. Rc1 Nxa5 67. c6 Nc4+ 68. Bxc4 bxc4 69. Rb1 Rxd5 70. Rb8+ 1-0

[Event "Veliko Gradiste Silver Lake op-A"]
[Site "Veliko Gradiste"]
[Date "2021.06.30"]
[Round "9"]
[White "Muskinja, Luka"]
[Black "Jandric, Damjan"]
[Result "0-1"]
[WhiteElo "1876"]
[BlackElo "2175"]
[PlyCount "104"]
[EventDate "2021.06.23"]
[EventType "swiss"]
[EventRounds "9"]
[EventCountry "SRB"]
[SourceTitle "EXT 2022"]
[Source "ChessBase"]
[SourceDate "2021.10.06"]
[SourceVersion "1"]
[SourceVersionDate "2021.10.06"]
[SourceQuality "1"]

1. Nf3 Nf6 2. b3 g6 3. Bb2 Bg7 4. e3 d6 5. d4 0-0 6. Be2 Nbd7 7. 0-0 e5 8. dxe5 Ng4 9. c4 Ngxe5 10. Nc3 Re8 11. Nxe5 dxe5 12. Qd2 e4 13. Rad1 c6 14. Na4 Bxb2 15. Qxb2 Qg5 16. Qd4 Nf6 17. f4 exf3 18. Rxf3 Ng4 19. Rg3 h5 20. h3 Qe5 21. Qxe5 Nxe5 22. e4 b6 23. Bxh5 Be6 24. Be2 Rad8 25. Bd3 Rd4 26. Nc3 Red8 27. Bc2 Rxd1+ 28. Bxd1 b5 29. cxb5 cxb5 30. a3 a5 31. b4 axb4 32. axb4 Bc4 33. Be2 Bxe2 34. Nxe2 Rd1+ 35. Kh2 Rb1 36. Rc3 Rxb4 37. Rc5 f6 38. Nc3 Rc4 39. Rxc4 bxc4 40. Kg3 Kf7 41. Kf4 Ke6 42. Ke3 Nc6 43. Ne2 Ke5 44. Nf4 g5 45. Nd5 f5 46. Nb6 f4+ 47. Kf3 c3 48. Nc4+ Kd4 49. Na3 Ne5+ 50. Ke2 Kc5 51. Nc2 Kc4 52. Ne1 Kb3 0-1

[Event "Veliko Gradiste Silver Lake op-A"]
[Site "Veliko Gradiste"]
[Date "2021.06.24"]
[Round "2"]
[White "Jandric, Damjan"]
[Black "Milosevic, Milos"]
[Result "1/2-1/2"]
[WhiteElo "2175"]
[BlackElo "2377"]
[PlyCount "62"]
[EventDate "2021.06.23"]
[EventType "swiss"]
[EventRounds "9"]
[EventCountry "SRB"]
[SourceTitle "CBM 203 Extra"]
[Source "ChessBase"]
[SourceDate "2021.09.30"]
[SourceVersion "1"]
[SourceVersionDate "2021.09.30"]
[SourceQuality "1"]

1. e4 e6 2. Qe2 c5 3. Nf3 Nc6 4. g3 g6 5. Bg2 Bg7 6. 0-0 e5 7. c3 Nge7 8. d3 0-0 9. a3 d6 10. b4 b6 11. Bb2 h6 12. b5 Na5 13. c4 Be6 14. Nfd2 Qd7 15. Nc3 Rae8 16. a4 f5 17. Nd5 f4 18. Bc3 g5 19. Bxa5 bxa5 20. Nb3 Ng6 21. Nxa5 g4 22. f3 h5 23. Nc6 h4 24. fxg4 fxg3 25. h3 Nf4 26. Nxf4 exf4 27. Ra2 Rf7 28. Bf3 Qc7 29. Qd2 Bd7 30. Na5 Bd4+ 31. Kg2 Be3 1/2-1/2

[Event "Belgrade Rating op 2nd"]
[Site "Belgrade"]
[Date "2020.02.29"]
[Round "3"]
[White "Jandric, Damjan"]
[Black "Petrovic, Aleksa"]
[Result "1-0"]
[WhiteElo "2184"]
[BlackElo "2094"]
[PlyCount "69"]
[EventDate "2020.02.28"]
[EventType "swiss"]
[EventRounds "5"]
[EventCountry "SRB"]
[SourceTitle "CBM 195 Extra"]
[Source "ChessBase"]
[SourceDate "2020.05.31"]
[SourceVersion "1"]
[SourceVersionDate "2020.05.31"]
[SourceQuality "1"]

1. e4 c5 2. Nf3 Nc6 3. Bb5 g6 4. Bxc6 dxc6 5. d3 Bg7 6. h3 Nf6 7. Nc3 Nd7 8. Be3 e5 9. Qd2 h6 10. Nh2 b6 11. 0-0-0 Qe7 12. Kb1 Ba6 13. f4 0-0-0 14. fxe5 Nxe5 15. Ng4 Nc4 16. Qf2 Na3+ 17. Ka1 h5 18. Nh2 Qe5 19. Bc1 Qd4 20. Qd2 Qb4 21. Nf3 Nc4 22. Qe1 Ne5 23. a3 Nxf3 24. gxf3 Qd4 25. Be3 Qd6 26. f4 Rhe8 27. e5 Qe6 28. Ne4 c4 29. dxc4 Qxc4 30. Nd6+ Rxd6 31. Rxd6 Qxc2 32. Qc1 Qxc1+ 33. Rxc1 Bb7 34. Rcd1 Re7 35. Bf2 1-0

[Event "Belgrade Rating op 2nd"]
[Site "Belgrade"]
[Date "2020.02.28"]
[Round "1"]
[White "Hlebec, Darko"]
[Black "Jandric, Damjan"]
[Result "1/2-1/2"]
[WhiteElo "1952"]
[BlackElo "2184"]
[PlyCount "104"]
[EventDate "2020.02.28"]
[EventType "swiss"]
[EventRounds "5"]
[EventCountry "SRB"]
[SourceTitle "CBM 195 Extra"]
[Source "ChessBase"]
[SourceDate "2020.05.31"]
[SourceVersion "1"]
[SourceVersionDate "2020.05.31"]
[SourceQuality "1"]

1. e4 c5 2. Nf3 d6 3. Bb5+ Bd7 4. Bxd7+ Nxd7 5. Nc3 Ngf6 6. d4 cxd4 7. Qxd4 g6 8. e5 dxe5 9. Nxe5 Nxe5 10. Qxe5 Bg7 11. Qb5+ Qd7 12. Qxd7+ Nxd7 13. Bd2 Nb6 14. 0-0-0 Nc4 15. Be1 Rc8 16. Rd3 a6 17. b3 Ne5 18. Rd1 f5 19. Nd5 e6 20. Nf4 Rc6 21. Nd3 0-0 22. Nxe5 Bxe5 23. g3 Rfc8 24. Rd2 Bg7 25. Re2 e5 26. Bb4 Rd8 27. f3 Rd4 28. Ba3 Rd3 29. Rf1 Rcc3 30. Bb2 Rxf3 31. Rxf3 Rxf3 32. Bxe5 Bxe5 33. Rxe5 Rf2 34. Re7 Rxh2 35. Rxb7 Rg2 36. c4 Rxg3 37. Kd2 Kf8 38. c5 Ke8 39. Rxh7 Rg2+ 40. Kd3 Rxa2 41. Rg7 Rg2 42. c6 Kd8 43. Kd4 Rb2 44. Kc4 Rc2+ 45. Kd5 Rd2+ 46. Kc5 Rb2 47. b4 f4 48. Rxg6 f3 49. Rf6 f2 50. Rf7 Kc8 51. Kd6 Rd2+ 52. Kc5 Rb2 1/2-1/2